=LDR 00000nam 2200000 4500 =001 NUTBA000000000004395 =005 20210108074447 =035 ##$$a 0010-091400000000428 =008 210108################g##########0#ind## =020 ##$$a 979-788--153-9 =082 ##$$a 372.765 =100 1#$$a Hamidin, Aep =245 1#$$a Tip dan trik kartu kredit : $b Memaksimalkan manfaat dan mengelola risiko kartu kredit /$c Aep S. Hamidin =250 ##$$a cet. 1 =260 ##$$a Yogyakarta :$b Media Pressindo,$c 2010 =300 ##$$a 122 hlm : $b ilus ; $c 18 x 11 cm. =850 ##$$a NBPNMAT =084 ##$$a 372.765 HAM t =650 #4$$a Kartu Kredit =520 ##$$a Bibliografi hlm. 119 hlm. =990 ##$$a 21002876 =990 ##$$a 21002876 =990 ##$$a 09200920 =990 ##$$a 1201001346 =990 ##$$a 21002876